Statistiken für Länder mit mehreren Worten im Namen

Klicken Sie hier um das Quiz zu spielen!

Allgemein

  • Dieses Quiz wurde 453 mal gespielt
  • Das Durchschnittsergebnis liegt bei 14 aus 22

Antwortstatistiken

KontinentLand% Korrekt
EuropaVereinigtes Königreich
84%
EuropaSan Marino
79%
EuropaBosnien und Herzegowina
78%
NordamerikaVereinigte Staaten
77%
NordamerikaTrinidad und Tobago
73%
AfrikaDemokratische Republik Kongo
72%
NordamerikaSt. Kitts und Nevis
71%
AfrikaRepublik Kongo
70%
NordamerikaSt. Vincent und die Grenadinen
70%
NordamerikaSt. Lucia
69%
NordamerikaDominikanische Republik
67%
AsienVereinigte Arabische Emirate
67%
NordamerikaAntigua und Barbuda
63%
NordamerikaEl Salvador
62%
AfrikaSão Tomé und Príncipe
61%
NordamerikaCosta Rica
56%
AfrikaZentralafrikanische Republik
56%
AfrikaKap Verde
55%
AsienSri Lanka
51%
OzeanienFöderierte Staaten von Mikronesien
49%
AfrikaBurkina Faso
46%
AfrikaSierra Leone
45%

Verteilung der Resultate

Perzentil nach korrekt beantworteten Fragen

Anzahl Personen mit jedem Resultat

Ihre Resultats-Entwicklung

Sie haben dieses Quiz noch nicht gespielt